|
|
|
|
| LEADER |
01621nam a2200361 a 4500 |
| 001 |
12474798 |
| 008 |
090730r19872000enkab 001 0beng d |
| 010 |
|
|
|a 2001269970
|
| 020 |
|
|
|a 1860646441 (pbk)
|
| 040 |
|
|
|a EQO
|c EQO
|d DLC
|
| 082 |
0 |
0 |
|a 823/.912
|a B
|2 21
|
| 100 |
1 |
|
|a Wilson, Jean Moorcroft.
|
| 240 |
1 |
0 |
|a Virginia Woolf, life and London
|
| 245 |
1 |
0 |
|a Virginia Woolf's London :
|b a guide to Bloomsbury and beyond /
|c Jean Moorcroft Wilson.
|
| 260 |
|
|
|a London :
|b I.B. Tauris,
|c 2000.
|
| 300 |
|
|
|a 256 p. :
|b ill, maps ;
|c 20 cm.
|
| 500 |
|
|
|a Originally published: Virginia Woolf, life and London. London : C. Woolf, 1987.
|
| 504 |
|
|
|a Includes index and bibliography (p. 245-246).
|
| 541 |
1 |
|
|e 00015073
|
| 600 |
1 |
0 |
|a Woolf, Virginia,
|d 1882-1941
|x Homes and haunts
|z England
|z London.
|
| 600 |
1 |
0 |
|a Woolf, Virginia,
|d 1882-1941
|x Knowledge
|z London (England)
|
| 650 |
|
0 |
|a Novelists, English
|x Homes and haunts
|z England
|z London.
|
| 650 |
|
0 |
|a Novelists, English
|y 20th century
|v Biography.
|
| 650 |
|
0 |
|a Literary landmarks
|z England
|z London.
|
| 650 |
|
0 |
|a City and town life in literature.
|
| 651 |
|
0 |
|a London (England)
|x Intellectual life
|y 20th century.
|
| 651 |
|
0 |
|a Bloomsbury (London, England)
|x In literature.
|
| 651 |
|
0 |
|a Bloomsbury (London, England)
|v Guidebooks.
|
| 651 |
|
0 |
|a London (England)
|x In literature.
|
| 651 |
|
0 |
|a London (England)
|v Guidebooks.
|
| 852 |
4 |
|
|a Ayesha Abed Library
|j General Shelf.
|
| 999 |
|
|
|c 3119
|d 3119
|
| 952 |
|
|
|0 0
|1 0
|2 ddc
|4 0
|6 823_912000000000000_WIL_2000
|7 0
|9 2827
|a BRACUL
|b BRACUL
|c GEN
|d 2009-08-30
|g 460.00
|l 3
|m 14
|o 823.912 WIL
|p 3010015073
|r 2018-03-27
|s 2018-03-20
|t 1
|w 2009-08-30
|y BK
|